李姓名人 - Statistics

General Stats
  • This quiz has been taken 266 times
  • The average score is 16 of 30
Answer Stats
Hint Answer % Correct
诗仙 李白
95%
或许是中国历史上最伟大的皇帝 李世民
94%
著名的女词人 李清照
91%
唐王朝的开创者 李渊
90%
道家的开创人 李耳
80%
明王朝的覆灭者 李自成
80%
中国共产主义运动的先驱 李大钊
80%
药圣 李时珍
76%
晚唐诗人,常与杜牧并列 李商隐
72%
开元全盛 李隆基
67%
香港人,原亚洲首富 李嘉诚
63%
新加坡国父 李光耀
62%
战国时期伟大的水利专家 李冰
62%
冯唐易老,____难封 李广
62%
“小楼昨夜又东风,故国不堪回首月明中” 李煜
58%
“李中堂” 李鸿章
52%
西夏开国君主 李元昊
49%
开唐第一名将 李靖
48%
法家代表人物 李斯
44%
抗战名将,台儿庄战役指挥官 李宗仁
41%
战国四大名将 李牧
35%
明初第一文臣,死于胡惟庸案 李善长
31%
隋末群雄,瓦岗军领袖 李密
31%
战国初期魏国变法者 李悝
30%
另一个开唐名将,原为徐姓 李勣
20%
“故方其盛也,举天下之豪杰莫能与之争;及其衰也,数十伶人困之” 李存勖
19%
战国名将,平灭燕齐 李信
18%
南明最后的名将 李定国
17%
晚唐名臣,开创会昌中兴 李德裕
13%
抗日援朝第一名将 李如松
13%
No matching quizzes found
Score Distribution
Percent of People with Each Score
Percentile by Number Answered
Your Score History
You have not taken this quiz